000 02314 a2200241 4500
003 UA-OsUOA
005 20210916162144.0
008 210916b un ||||| |||| 00| 0 ukr d
020 _a9786177489633
040 _aUA-OsUOA
_bukr
_cUA-OsUOA
_dUA-OsUOA
041 _aukr
080 _a821.161.2
090 _a821.161.2
_bД64
100 _aДоляк Н.
245 _aШикарне життя у Вупперталі
_bроман-детектив
_cНаталка Доляк
260 _aК.
_bКМ-БУКС
_c2017
300 _a368 с.
520 _aМолода українка Зоя їде до Німеччини по програмі о-пер (працевлаштування студентів в європейських сім’ях на термін до року). Родина, яка прийняла дівчину, — аристократи з міста Вупперталь. Для Зої таке шикарне життя — це щось не з реальності, а з фільмів. Оселя, де вона тепер житиме, нагадує невеличкий палац. Але… Не все так ідеально і просто… За першим несподіваним і нерозгаданим убивством хазяйки дому тягнеться ціла вервечка загадкових і незрозумілих душогубств. Над самою Зоєю та її вихованцем Куртом також нависає убивча небезпека, але все обертається врешті-решт на добре. І всю кримінальну інтригу розкриває не доблесна вуппертальська поліція, а проста студентка з України Зоя Кирпач. Іронічна подача тексту робить його доволі легким, не зважаючи на те, що кілька людей стали жертвами безжалісного маніяка.
650 _2UDC
_a82 Література. Літературознавство
942 _cBK
_2udc
955 _a3
999 _c571450
_d571450